00400nam a2200157Ia 4500003000400000005001700004008004100021020001800062040000900080082001800089100001500107245004900122260004700171300000900218650001500227OSt20200114160948.0190216s9999||||xx |||||||||||||| ||und|| a9788184887129 coclc a657.42bARO/C aArora, M N 0aCost And Management Accounting /c M N Arora bHimalaya Publishing House,c2004.aMumbai: a428p xAccounting